000 00888nas a2200289 4500
001 BR2014004580
003 BR-BrBNA
005 20231205124257.0
007 ta
008 230509b bl.|||p| |||| 00| 00por d
040 _aBR-BrBNA
_bpor
_cBiblioteca Nacional de Agricultura
041 _a(En)
072 _aP33
100 1 _aOliveira, T.C.
100 1 _aSilva, L.F.S. da
100 1 _aCooper, M.
245 1 _aEvaluation of physical quality indices of a soil under a seasonal semideciduous forest
650 _aSOLO
650 _aQUALIDADE
650 _aFÍSICA
650 _aÁGUA
650 _aARMAZENAMENTO
773 0 _tRevista Brasileira de Ciência do Solo (Brazil)
_xISSN 0100-0683
_g(Mar-Apr 2014), v. 38(2) p. 444-453
_wBR2014004580
856 4 0 _uhttp://www.scielo.br/pdf/rbcs/v38n2/09.pdf
909 _a202311
_bLúcia
_c55
_dLúcia Elande
942 _2AGRIS
_n0
_cANA
999 _c238247
_d238247